Report of the special tariff board on the equiry regarding the level of duties necessary to afford adequate protection the Indian cotton..... (Record no. 423695)

000 -LEADER
fixed length control field 00449cam a22001097a 4500
008 - FIXED-LENGTH DATA ELEMENTS--GENERAL INFORMATION
fixed length control field 180718b1936 xxu||||| |||| 00| 0 eng d
082 ## - DEWEY DECIMAL CLASSIFICATION NUMBER
Classification number T394x54 In2 tet
245 ## - TITLE STATEMENT
Title Report of the special tariff board on the equiry regarding the level of duties necessary to afford adequate protection the Indian cotton.....
Statement of responsibility, etc. by Special Tariff Board, India
260 ## - PUBLICATION, DISTRIBUTION, ETC.
Place of publication, distribution, etc. Delhi
Name of publisher, distributor, etc. Manager of Publication
Date of publication, distribution, etc. 1936
300 ## - PHYSICAL DESCRIPTION
Extent 135+p.
700 ## - ADDED ENTRY--PERSONAL NAME
Personal name India.Special Tariff Board
Holdings
Withdrawn status Lost status Damaged status Not for loan Permanent Location Current Location Date acquired Full call number Barcode Date last seen Price effective from Koha item type
        Indian Institute of Public Administration Indian Institute of Public Administration 2009-09-07 T394x54 In2 tet 21760 2018-07-21 2018-07-21 Book

Powered by Koha